The 1910s - Sudden Death - Statistics

General Stats
  • This quiz has been taken 5,116 times
    5,072 since last reset
  • The average score is 6 of 15
Answers on the Grid
Answers color-coded by a green-red scale on the quiz's grid according to % correct below.
Assassination of
Franz Ferdinand
Babe Ruth’s first Major
League Baseball game
Battle of Verdun
Battle of
Iwo Jima
Boxer Rebellion
Einstein publishes his
Theory of Relativity
Fall of the Qing
Dynasty in China
First modern Olympics
held in Greece
Invention of the
automobile
Mahatma Gandhi leads
the Dandi Salt March
Mona Lisa is stolen
“Outer” Mongolia is
made independent
Panama Canal
is completed
President McKinley
is assassinated
Roald Amundsen
reaches South Pole
Russian Revolution
Spanish Flu pandemic
kills millions
The Titanic sinks
Treaty of Versailles
United Kingdom
crowns new monarch
Vincent Van Gogh
paints Starry Night
Walt Disney publishes
Steamboat Willie
World population hits
1 billion for first time
World War I
 
Answer Stats
Answer % Correct
Assassination of
Franz Ferdinand
93%
World War I
63%
The Titanic sinks
58%
Battle of Verdun
55%
Russian Revolution
51%
Spanish Flu pandemic
kills millions
49%
Treaty of Versailles
48%
Panama Canal
is completed
29%
Babe Ruth’s first Major
League Baseball game
27%
Fall of the Qing
Dynasty in China
24%
United Kingdom
crowns new monarch
24%
Einstein publishes his
Theory of Relativity
22%
Roald Amundsen
reaches South Pole
22%
Mona Lisa is stolen
19%
“Outer” Mongolia is
made independent
11%
No matching quizzes found
Score Distribution
Percent of People with Each Score
Percentile by Number Answered
Your Score History
You have not taken this quiz since the last reset